[Event "CP-2016-P-00019"]
[Site "LSS email"]
[Date "2016.09.27"]
[Round "?"]
[White "Van Rooijen, Peter"]
[Black "Kulczycki, Michael"]
[Result "1/2-1/2"]
[WhiteElo "1870"]
[BlackElo "1992"]
[PlyCount "42"]
[EventDate "2016.10.01"]
[EventType "tourn (corr)"]
[EventRounds "6"]
[EventCountry "GER"]
[SourceTitle "Corr 2022"]
[Source "ChessBase"]
[SourceDate "2021.10.24"]
[SourceVersion "1"]
[SourceVersionDate "2021.10.24"]
[SourceQuality "1"]

1. b4 Nf6 2. Nf3 d5 3. Bb2 e6 4. a3 c6 5. d3 a5 6. c3 Bd6 7. g3 e5 8. Bg2 0-0 9. 0-0 Qe7 10. Nbd2 e4 11. dxe4 axb4 12. cxb4 Nxe4 13. Nxe4 dxe4 14. Nd4 Na6 15. Qc2 Re8 16. b5 cxb5 17. Nxb5 Bc5 18. Rfd1 Bd7 19. Qc3 f6 20. Rac1 Red8 21. e3 Kh8 1/2-1/2

[Event "CP-2016-P-00019"]
[Site "LSS email"]
[Date "2016.09.27"]
[Round "?"]
[White "Van Rooijen, Peter"]
[Black "Vergara Rodriguez, Jose Antonio"]
[Result "0-1"]
[WhiteElo "1870"]
[BlackElo "1948"]
[PlyCount "94"]
[EventDate "2016.10.01"]
[EventType "tourn (corr)"]
[EventRounds "6"]
[EventCountry "GER"]
[SourceTitle "Corr 2022"]
[Source "ChessBase"]
[SourceDate "2021.10.24"]
[SourceVersion "1"]
[SourceVersionDate "2021.10.24"]
[SourceQuality "1"]

1. b4 e5 2. Bb2 Bxb4 3. f4 Nf6 4. Bxe5 Nc6 5. e3 0-0 6. c3 d6 7. Bxf6 Qxf6 8. Nf3 Re8 9. Bc4 Bc5 10. 0-0 Bg4 11. d4 Bb6 12. h3 Bd7 13. Re1 Re7 14. Qd2 Rae8 15. Bd3 Na5 16. Na3 Bc6 17. Qf2 Bd5 18. Nh2 Be4 19. Bxe4 Rxe4 20. Nf3 d5 21. Rac1 Qd6 22. Nc2 Nc4 23. Rb1 Ba5 24. Nd2 Nxd2 25. Qxd2 b6 26. Red1 h5 27. Qd3 c6 28. Rb3 b5 29. Rf1 Bb6 30. Qd1 g6 31. Qc1 Bc7 32. a4 bxa4 33. Rb4 a5 34. Rxa4 g5 35. Qd1 R8e6 36. Qxh5 Rg6 37. Qf3 gxf4 38. exf4 Qe7 39. Qd3 Re2 40. g4 Rge6 41. Rf2 Rxf2 42. Kxf2 Qf6 43. Qg3 Re4 44. Kg1 Rxf4 45. Ra1 Bd6 46. g5 Qf5 47. Ne3 Qd3 0-1

[Event "BI-2016-F-0000"]
[Site "LSS email"]
[Date "2016.02.14"]
[Round "?"]
[White "Granara Barreto, Sebastian"]
[Black "Van Rooijen, Peter"]
[Result "1/2-1/2"]
[WhiteElo "1869"]
[BlackElo "1877"]
[PlyCount "52"]
[EventDate "2016.02.20"]
[EventType "tourn (corr)"]
[EventRounds "10"]
[EventCountry "GER"]
[SourceTitle "Corr 2022"]
[Source "ChessBase"]
[SourceDate "2021.10.24"]
[SourceVersion "1"]
[SourceVersionDate "2021.10.24"]
[SourceQuality "1"]

1. c4 e6 2. g3 d5 3. Bg2 dxc4 4. Nf3 a6 5. 0-0 Nf6 6. Qc2 Nbd7 7. a4 Nc5 8. Na3 b5 9. Ne5 Bb7 10. Bxb7 Nxb7 11. d3 Bd6 12. Bf4 0-0 13. axb5 cxd3 14. Nxd3 Bxf4 15. Nxf4 Nd6 16. bxa6 Rxa6 17. Rfd1 Qb8 18. Nd3 Qa8 19. Rac1 Nd5 20. e3 Rb8 21. Qe2 Ra4 22. Nc5 Ra5 23. e4 Nb6 24. Qg4 h5 25. Qf3 Na4 26. Nxa4 Rxa4 1/2-1/2

[Event "BI-2016-F-0000"]
[Site "LSS email"]
[Date "2016.02.14"]
[Round "?"]
[White "Isaacson, David"]
[Black "Van Rooijen, Peter"]
[Result "1/2-1/2"]
[WhiteElo "2060"]
[BlackElo "1877"]
[PlyCount "46"]
[EventDate "2016.02.20"]
[EventType "tourn (corr)"]
[EventRounds "10"]
[EventCountry "GER"]
[SourceTitle "Corr 2022"]
[Source "ChessBase"]
[SourceDate "2021.10.24"]
[SourceVersion "1"]
[SourceVersionDate "2021.10.24"]
[SourceQuality "1"]

1. e4 e6 2. d4 d5 3. Nc3 Nf6 4. Bg5 Be7 5. e5 Nfd7 6. Bxe7 Qxe7 7. f4 0-0 8. Nf3 c5 9. dxc5 Nc6 10. Bd3 f6 11. exf6 Qxf6 12. g3 Nxc5 13. Qd2 Bd7 14. 0-0-0 Be8 15. Rhe1 Rc8 16. Kb1 Nxd3 17. Qxd3 Bh5 18. Rd2 Bxf3 19. Qxf3 Ne5 20. Qf2 Nc4 21. Rd3 a6 22. Qd4 Qxd4 23. Rxd4 Rfe8 1/2-1/2

[Event "CP-2015-P-00015"]
[Site "LSS email"]
[Date "2015.09.28"]
[Round "?"]
[White "Astroukh, Vitalij"]
[Black "Van Rooijen, Peter"]
[Result "1-0"]
[WhiteElo "2330"]
[BlackElo "1849"]
[PlyCount "51"]
[EventDate "2015.10.01"]
[EventType "tourn (corr)"]
[EventRounds "6"]
[EventCountry "GER"]
[SourceTitle "Corr 2022"]
[Source "ChessBase"]
[SourceDate "2021.10.24"]
[SourceVersion "1"]
[SourceVersionDate "2021.10.24"]
[SourceQuality "1"]

1. e4 e6 2. d4 d5 3. Nc3 dxe4 4. Nxe4 Nd7 5. Nf3 Ngf6 6. Bd3 c5 7. 0-0 Nxe4 8. Bxe4 Nf6 9. Bg5 cxd4 10. Qe2 Be7 11. Rad1 Qb6 12. Rxd4 Qxb2 13. Rfd1 0-0 14. Bd3 Qb6 15. Rh4 g6 16. Ne5 Qa5 17. g3 Qc5 18. Rc4 Qa5 19. h4 Nd5 20. Bh6 Bf6 21. Bxf8 Kxf8 22. Ng4 Bh8 23. h5 Bg7 24. hxg6 hxg6 25. Bxg6 fxg6 26. Ne5 1-0

[Event "CP-2015-P-00015"]
[Site "LSS email"]
[Date "2015.09.28"]
[Round "?"]
[White "Van Rooijen, Peter"]
[Black "Potapov, Evgeniy"]
[Result "1/2-1/2"]
[WhiteElo "1849"]
[BlackElo "1729"]
[PlyCount "69"]
[EventDate "2015.10.01"]
[EventType "tourn (corr)"]
[EventRounds "6"]
[EventCountry "GER"]
[SourceTitle "Corr 2022"]
[Source "ChessBase"]
[SourceDate "2021.10.24"]
[SourceVersion "1"]
[SourceVersionDate "2021.10.24"]
[SourceQuality "1"]

1. b4 d5 2. Nf3 Nf6 3. Bb2 e6 4. a3 c5 5. bxc5 Bxc5 6. e3 0-0 7. c4 Nc6 8. d4 Be7 9. Bd3 Na5 10. cxd5 exd5 11. Nc3 Be6 12. 0-0 Rc8 13. Rc1 a6 14. a4 Bd6 15. h3 h6 16. Ne5 Qe7 17. f4 Rfe8 18. Qf3 Ba3 19. Rf2 Nc6 20. Qd1 Bd6 21. Bb1 Rc7 22. e4 Nxe4 23. Nxe4 dxe4 24. Bxe4 Rd8 25. Rxc6 bxc6 26. Nxc6 Rxc6 27. Bxc6 Qc7 28. Qf3 Bd7 29. Bxd7 Qxd7 30. Qb3 Rb8 31. Qc2 a5 32. Bc3 Rc8 33. Qb3 Qf5 34. Bd2 Qe4 35. Qb6 1/2-1/2

[Event "BI-2015-P-0000"]
[Site "LSS email"]
[Date "2015.04.16"]
[Round "?"]
[White "Digiglio, Rafael"]
[Black "Van Rooijen, Peter"]
[Result "0-1"]
[WhiteElo "695"]
[BlackElo "1873"]
[PlyCount "64"]
[EventDate "2015.04.22"]
[EventType "tourn (corr)"]
[EventRounds "10"]
[EventCountry "GER"]
[SourceTitle "Corr 2022"]
[Source "ChessBase"]
[SourceDate "2021.10.24"]
[SourceVersion "1"]
[SourceVersionDate "2021.10.24"]
[SourceQuality "1"]

1. e4 e6 2. d4 d5 3. e5 c5 4. Bb5+ Bd7 5. Bxd7+ Nxd7 6. Nf3 cxd4 7. Qxd4 Ne7 8. 0-0 Ng6 9. Nc3 Bc5 10. Qa4 0-0 11. Re1 Qc7 12. Nb5 Qb6 13. Be3 Bxe3 14. fxe3 Nc5 15. Qb4 a5 16. Qd4 Qxb5 17. Rac1 Rfd8 18. Rf1 h6 19. b3 Rac8 20. a4 Qb4 21. Qb2 Nxa4 22. Qd4 Nc3 23. Qxb4 axb4 24. Rf2 Ne4 25. Rff1 Rc3 26. Rfe1 Rdc8 27. Re2 Rxb3 28. Nd4 Rb2 29. c3 Rxc3 30. Ree1 Nh4 31. Rxc3 Rxg2+ 32. Kh1 Nf2# 0-1

[Event "BI-2015-P-0000"]
[Site "LSS email"]
[Date "2015.04.16"]
[Round "?"]
[White "Koslowski, Volker"]
[Black "Van Rooijen, Peter"]
[Result "1-0"]
[WhiteElo "2328"]
[BlackElo "1873"]
[PlyCount "45"]
[EventDate "2015.04.22"]
[EventType "tourn (corr)"]
[EventRounds "10"]
[EventCountry "GER"]
[SourceTitle "Corr 2022"]
[Source "ChessBase"]
[SourceDate "2021.10.24"]
[SourceVersion "1"]
[SourceVersionDate "2021.10.24"]
[SourceQuality "1"]

1. e4 e6 2. d4 d5 3. Nc3 Nf6 4. e5 Nfd7 5. f4 c5 6. Nf3 Nc6 7. Be3 Qb6 8. Na4 Qa5+ 9. c3 cxd4 10. b4 Qc7 11. Nxd4 Nxd4 12. Bxd4 Be7 13. Bd3 0-0 14. 0-0 Nb6 15. Nxb6 axb6 16. g4 Bd8 17. Qc2 Kh8 18. Rf3 f5 19. Qg2 Qf7 20. Kh1 h6 21. Rg3 fxg4 22. Rxg4 Rg8 23. Rg6 1-0

[Event "BI-2015-P-0000"]
[Site "LSS email"]
[Date "2015.04.16"]
[Round "?"]
[White "Pech, Stepan"]
[Black "Van Rooijen, Peter"]
[Result "0-1"]
[WhiteElo "1488"]
[BlackElo "1873"]
[PlyCount "20"]
[EventDate "2015.04.22"]
[EventType "tourn (corr)"]
[EventRounds "10"]
[EventCountry "GER"]
[SourceTitle "Corr 2022"]
[Source "ChessBase"]
[SourceDate "2021.10.24"]
[SourceVersion "1"]
[SourceVersionDate "2021.10.24"]
[SourceQuality "1"]

1. c4 e6 2. Nc3 Nf6 3. d4 Bb4 4. Qc2 0-0 5. a3 Bxc3+ 6. Qxc3 d6 7. g3 e5 8. dxe5 dxe5 9. Bg2 Re8 10. Nf3 Nc6 0-1

[Event "BI-2015-P-0000"]
[Site "LSS email"]
[Date "2015.04.16"]
[Round "?"]
[White "Van Rooijen, Peter"]
[Black "Kuzmin, Konstantin"]
[Result "0-1"]
[WhiteElo "1873"]
[BlackElo "2323"]
[PlyCount "90"]
[EventDate "2015.04.22"]
[EventType "tourn (corr)"]
[EventRounds "10"]
[EventCountry "GER"]
[SourceTitle "Corr 2022"]
[Source "ChessBase"]
[SourceDate "2021.10.24"]
[SourceVersion "1"]
[SourceVersionDate "2021.10.24"]
[SourceQuality "1"]

1. b4 e5 2. Bb2 Bxb4 3. f4 d6 4. a3 Bc5 5. fxe5 Nc6 6. exd6 Bxg1 7. Rxg1 Qxd6 8. g3 Nf6 9. e3 Bg4 10. Be2 h5 11. Bxf6 Qxf6 12. Nc3 Ne5 13. Rf1 Qd6 14. Nb5 Qb6 15. Nd4 0-0-0 16. Qb1 Qd6 17. Qb4 c5 18. Qc3 Qd5 19. Nf5 Kb8 20. Rf4 Ng6 21. e4 Qc6 22. Rf2 Qxe4 23. d3 Qd5 24. Nxg7 Ne5 25. 0-0-0 Bxe2 26. Re1 Nf3 27. Rexe2 Nd4 28. Re3 Rdg8 29. Nf5 Nxf5 30. Re5 Qd4 31. Qxd4 Nxd4 32. Rxf7 Rf8 33. Rd7 b6 34. Ree7 Nc6 35. Rg7 Rc8 36. Rb7+ Ka8 37. Kb2 h4 38. g4 Rcg8 39. g5 Rxg7 40. Rxg7 Re8 41. Rh7 Rg8 42. Rh6 Kb7 43. g6 Kc7 44. a4 Kd6 45. g7+ Kd7 0-1

[Event "BI-2015-P-0000"]
[Site "LSS email"]
[Date "2015.04.16"]
[Round "?"]
[White "Van Rooijen, Peter"]
[Black "Mondino, Victor Nilo"]
[Result "0-1"]
[WhiteElo "1873"]
[BlackElo "2275"]
[PlyCount "76"]
[EventDate "2015.04.22"]
[EventType "tourn (corr)"]
[EventRounds "10"]
[EventCountry "GER"]
[SourceTitle "Corr 2022"]
[Source "ChessBase"]
[SourceDate "2021.10.24"]
[SourceVersion "1"]
[SourceVersionDate "2021.10.24"]
[SourceQuality "1"]

1. b4 e5 2. Bb2 Nf6 3. b5 d6 4. e3 Bf5 5. a4 Be7 6. Ne2 Be6 7. Ng3 h5 8. Be2 h4 9. Nh5 Nxh5 10. Bxh5 0-0 11. 0-0 h3 12. g3 c6 13. Nc3 Nd7 14. Bg4 Nf6 15. Bxe6 fxe6 16. Qe2 Rc8 17. f4 Qd7 18. fxe5 dxe5 19. Rf2 cxb5 20. axb5 a6 21. bxa6 bxa6 22. Qxa6 Rb8 23. Rb1 Rfd8 24. Bc1 Rxb1 25. Nxb1 Rc8 26. Nc3 Bb4 27. Qe2 Bxc3 28. dxc3 Qa4 29. c4 Rxc4 30. Qd3 Qc6 31. Qd8+ Kh7 32. Qd1 Kg6 33. Re2 Rc3 34. Qd2 Ne4 35. Qd1 Qb7 36. Qd8 Qb5 37. g4 Nf6 38. Qd1 Qa4 0-1

[Event "BI-2015-P-0000"]
[Site "LSS email"]
[Date "2015.04.16"]
[Round "?"]
[White "Van Rooijen, Peter"]
[Black "Zonneveld, Will"]
[Result "0-1"]
[WhiteElo "1873"]
[BlackElo "2037"]
[PlyCount "76"]
[EventDate "2015.04.22"]
[EventType "tourn (corr)"]
[EventRounds "10"]
[EventCountry "GER"]
[SourceTitle "Corr 2022"]
[Source "ChessBase"]
[SourceDate "2021.10.24"]
[SourceVersion "1"]
[SourceVersionDate "2021.10.24"]
[SourceQuality "1"]

1. b4 e5 2. Bb2 f6 3. b5 d5 4. e3 a6 5. a4 axb5 6. axb5 Rxa1 7. Bxa1 c5 8. bxc6 bxc6 9. c4 d4 10. exd4 exd4 11. Bd3 Na6 12. Nf3 Qe7+ 13. Qe2 Nb4 14. 0-0 c5 15. Bb2 Bf5 16. Qxe7+ Nxe7 17. Bxf5 Nxf5 18. Na3 Kd7 19. Rb1 Be7 20. Kf1 Ra8 21. Nb5 Nd6 22. Nxd6 Bxd6 23. Ra1 Rxa1+ 24. Bxa1 Kc7 25. Bb2 Kb6 26. Ke2 Ka5 27. d3 Ka4 28. h4 Be5 29. Nd2 Bf4 30. Ne4 Kb3 31. Ba1 Na6 32. g3 Bc7 33. h5 f5 34. Ng5 Ka2 35. Nxh7 Kxa1 36. Ng5 Kb2 37. Ne6 Be5 38. Kd2 Kb3 0-1

[Event "BI-2015-F-0000"]
[Site "LSS email"]
[Date "2015.02.12"]
[Round "?"]
[White "Van Rooijen, Peter"]
[Black "Luers, Lavas"]
[Result "1/2-1/2"]
[WhiteElo "1853"]
[BlackElo "2019"]
[PlyCount "61"]
[EventDate "2015.02.11"]
[EventType "tourn (corr)"]
[EventRounds "10"]
[EventCountry "GER"]
[SourceTitle "Corr 2022"]
[Source "ChessBase"]
[SourceDate "2021.10.24"]
[SourceVersion "1"]
[SourceVersionDate "2021.10.24"]
[SourceQuality "1"]

1. b4 d5 2. Bb2 Nf6 3. Nf3 Bf5 4. e3 e6 5. a3 Nbd7 6. Bd3 Bxd3 7. cxd3 Bd6 8. Nc3 0-0 9. 0-0 a5 10. Nb5 Be7 11. Bc3 c6 12. Nbd4 axb4 13. axb4 Qb6 14. Qb3 Rfb8 15. Qb2 h6 16. h3 Re8 17. Rfb1 Bd6 18. Rc1 Kh7 19. Ne2 Qc7 20. d4 Ne4 21. d3 Rxa1 22. Rxa1 Nxc3 23. Nxc3 b5 24. e4 Qb7 25. e5 Be7 26. g3 Ra8 27. Rxa8 Qxa8 28. Ne1 Nb6 29. Nc2 Na4 30. Qa1 h5 31. Kg2 1/2-1/2

[Event "WC-2015-P-00006"]
[Site "LSS email"]
[Date "2015.01.19"]
[Round "?"]
[White "Page, Jeffrey"]
[Black "Van Rooijen, Peter"]
[Result "1-0"]
[WhiteElo "2075"]
[BlackElo "1847"]
[PlyCount "55"]
[EventDate "2015.01.25"]
[EventType "tourn (corr)"]
[EventRounds "12"]
[EventCountry "GER"]
[SourceTitle "Corr 2022"]
[Source "ChessBase"]
[SourceDate "2021.10.24"]
[SourceVersion "1"]
[SourceVersionDate "2021.10.24"]
[SourceQuality "1"]

1. d4 e6 2. c4 Nf6 3. Nf3 d5 4. Nc3 Be7 5. Bg5 0-0 6. e3 Nbd7 7. Rc1 c6 8. cxd5 exd5 9. Bd3 Re8 10. 0-0 Nf8 11. Qc2 h6 12. Bh4 Bd6 13. h3 g5 14. Bg3 Bxg3 15. fxg3 Rxe3 16. g4 Re6 17. Rf2 N6d7 18. Ne2 Qc7 19. Qd2 f6 20. Nh4 gxh4 21. Nf4 Nb6 22. Nh5 Qe7 23. Rcf1 Nbd7 24. Qxh6 f5 25. Qf4 Ng6 26. Qc1 f4 27. Bxg6 Rxg6 28. Nxf4 1-0

[Event "WC-2015-P-00006"]
[Site "LSS email"]
[Date "2015.01.19"]
[Round "?"]
[White "Van Rooijen, Peter"]
[Black "Page, Jeffrey"]
[Result "0-1"]
[WhiteElo "1847"]
[BlackElo "2075"]
[PlyCount "84"]
[EventDate "2015.01.25"]
[EventType "tourn (corr)"]
[EventRounds "12"]
[EventCountry "GER"]
[SourceTitle "Corr 2022"]
[Source "ChessBase"]
[SourceDate "2021.10.24"]
[SourceVersion "1"]
[SourceVersionDate "2021.10.24"]
[SourceQuality "1"]

1. b4 e5 2. Bb2 Bxb4 3. f4 Nc6 4. Nf3 d6 5. e3 Nh6 6. a3 Ba5 7. fxe5 Ng4 8. Bc3 Ngxe5 9. Be2 0-0 10. 0-0 Nxf3+ 11. Bxf3 d5 12. Bxa5 Nxa5 13. d3 b6 14. Nc3 Bb7 15. Qe2 Qd6 16. Nb5 Qd7 17. Rab1 Rae8 18. Qf2 g6 19. Rfe1 Re7 20. Nc3 Rfe8 21. Re2 Qd6 22. Rb4 Kg7 23. Ra4 f5 24. h3 c5 25. Rf4 Qe5 26. Qe1 g5 27. Qg3 h6 28. Bh5 Rg8 29. Rf3 Qxg3 30. Rxg3 Rd8 31. h4 Kf6 32. Rh3 g4 33. Rg3 d4 34. Nd1 Bc8 35. Rf2 Ke5 36. Rf1 Nc6 37. Nf2 Kd6 38. Nd1 Re5 39. Bf7 h5 40. c3 Rf8 41. Bb3 Rfe8 42. e4 Rf8 0-1

[Event "RB-2014-0-00269"]
[Site "LSS email"]
[Date "2014.12.21"]
[Round "?"]
[White "Obukhov, Gennady Nikolaevich"]
[Black "Van Rooijen, Peter"]
[Result "1/2-1/2"]
[WhiteElo "1981"]
[BlackElo "1846"]
[PlyCount "53"]
[EventDate "2014.11.12"]
[EventType "tourn (corr)"]
[EventRounds "6"]
[EventCountry "GER"]
[SourceTitle "Corr 2022"]
[Source "ChessBase"]
[SourceDate "2021.10.24"]
[SourceVersion "1"]
[SourceVersionDate "2021.10.24"]
[SourceQuality "1"]

1. e4 e6 2. d4 d5 3. e5 c5 4. c3 Nc6 5. Nf3 Qb6 6. a3 Bd7 7. b4 cxd4 8. cxd4 Rc8 9. Be3 Nh6 10. Ra2 Nf5 11. Bd3 Nxe3 12. fxe3 g6 13. Rc2 Bh6 14. Qd2 Ne7 15. Rxc8+ Nxc8 16. h4 Qc7 17. Ke2 Nb6 18. Qc1 Qc6 19. Qxc6 Bxc6 20. Nbd2 Ke7 21. Rc1 Bg7 22. b5 Bd7 23. Rc7 Rb8 24. Nb3 Kd8 25. Rc2 Be8 26. Nc5 h6 27. g3 1/2-1/2

[Event "RB-2014-0-00269"]
[Site "LSS email"]
[Date "2014.12.21"]
[Round "?"]
[White "Van Rooijen, Peter"]
[Black "Luers, Lavas"]
[Result "1/2-1/2"]
[WhiteElo "1846"]
[BlackElo "1984"]
[PlyCount "61"]
[EventDate "2014.11.12"]
[EventType "tourn (corr)"]
[EventRounds "6"]
[EventCountry "GER"]
[SourceTitle "Corr 2022"]
[Source "ChessBase"]
[SourceDate "2021.10.24"]
[SourceVersion "1"]
[SourceVersionDate "2021.10.24"]
[SourceQuality "1"]

1. b4 Nf6 2. Bb2 e6 3. b5 d5 4. Nf3 c5 5. e3 Bd6 6. c4 Nbd7 7. Be2 0-0 8. 0-0 b6 9. d3 Bb7 10. Nbd2 a6 11. a4 axb5 12. axb5 Qc7 13. Qc2 h6 14. h3 Rfe8 15. Bc3 Rxa1 16. Rxa1 Ra8 17. Rxa8+ Bxa8 18. Qa4 Bb7 19. Bb2 Ne8 20. Qa1 Qb8 21. Bc3 Qa8 22. Qb2 Nef6 23. Bd1 Ne8 24. Be2 Nef6 25. Qc2 Be7 26. d4 dxc4 27. Bb2 cxd4 28. Bxd4 Ne4 29. Nxc4 Bc5 30. Bb2 Nef6 31. Qc1 1/2-1/2

[Event "CP-2014-P-00032"]
[Site "LSS email"]
[Date "2014.09.30"]
[Round "?"]
[White "Van Rooijen, Peter"]
[Black "Balazs, Gabor"]
[Result "1-0"]
[WhiteElo "1808"]
[BlackElo "1010"]
[PlyCount "31"]
[EventDate "2014.10.01"]
[EventType "tourn (corr)"]
[EventRounds "6"]
[EventCountry "GER"]
[SourceTitle "Corr 2022"]
[Source "ChessBase"]
[SourceDate "2021.10.24"]
[SourceVersion "1"]
[SourceVersionDate "2021.10.24"]
[SourceQuality "1"]

1. b4 e5 2. Bb2 d6 3. c4 Nf6 4. Nc3 Be7 5. Nf3 0-0 6. Qc2 Nc6 7. b5 Nb4 8. Qb1 c6 9. a3 Ng4 10. axb4 Be6 11. bxc6 bxc6 12. e3 g6 13. Be2 Qb6 14. c5 dxc5 15. bxc5 Qxc5 16. Ba3 1-0